| 000 | 01300nam a22003497a 4500 | ||
|---|---|---|---|
| 003 | CHAP | ||
| 005 | 20220329135852.0 | ||
| 008 | 971013s1961 r 00010 d | ||
| 010 | _a43556 | ||
| 011 | _a44528 | ||
| 035 | _a48666 | ||
| 040 | _cCHAP | ||
| 082 |
_a972.082 _bF8 |
||
| 245 | _aFuentes de la historia contemporánea de México | ||
| 260 |
_aMéxico, D.F. : _bEl Colegio de México, _c1961-67 |
||
| 300 | _a3 v. | ||
| 505 | _aContenido : v.1 Libros y folletos .- v.2 Periódicos y revistas .- v.3 Libros y folletos | ||
| 590 |
_aBATCH-UPD _b10 _c20130110 _lUCH01 _h0902 |
||
| 590 |
_aBATCH-UPD _b10 _c20130410 _lUCH01 _h0530 |
||
| 590 |
_aBATCH-UPD _b10 _c20130914 _lUCH01 _h1824 |
||
| 590 |
_aCONVERSION _b10 _c20130109 _lUCH01 _h1324 |
||
| 650 | 1 | 4 |
_aMéxico _xHistoria _xBibliografía. _976753 |
| 700 | 0 |
_aGonzález, Luis. _949534 |
|
| 700 | 0 |
_aRoss, Stanley R. _9100196 |
|
| 901 | _aBK | ||
| 942 | _cLIBRO | ||
| 949 |
_a972.082 F8 _bBC _cC _d33724000652947 _eC _fv.3 _h28710 _i48666 _si |
||
| 949 |
_a972.082 F8 _bBC _cC _d33724000653051 _eC _fv.2 _h28709 _i48666 _si |
||
| 949 |
_a972.082 F8 _bBC _cC _d33724000653069 _eC _fv.1 c.2 _h29628 _i48666 _si |
||
| 949 |
_a972.082 F8 _bBC _cC _d33724000653077 _eC _fv.2 c.2 _h29629 _i48666 _si |
||
| 949 |
_a972.082 F8 _bBC _cC _d33724000669321 _eC _fv.1 _h28708 _i48666 _si |
||
| 999 |
_c43556 _d43556 |
||